• 首页
  • 本馆介绍
  • 公告通知
  • 最新文献
  • 馆藏检索
  • 电子资源
  • 读者导购
  • 参考咨询
  • 我的图书馆
  • 登录
  • 详细信息显示
  • 放入我的书架
  • 预约/预借图书
  • 作者相关作品
  • 分类相关作品
  • 丛书相关作品
  • 出版社相关作品

书目信息

  • 表格格式
  • 工作单格式
  • 卡片格式
题名:
炼焦新工艺与技术
    
 
作者: 郑明东 , 水恒福 , 崔平 编著
分册:  
出版信息: 北京   化学工业出版社  2006
页数: 378页
开本: 21cm
丛书名:
单 册:
中图分类: TQ520.6
科图分类:
主题词: 炼焦--生产工艺 , 炼焦
电子资源:
ISBN: 7-5025-7816-1
000 00946nam0 2200277 450
001 003070673
005 20070805145145.90
010    @a7-5025-7816-1@dCNY29.00
035    @a003070673
100    @a20060104d2006 em y0chiy0110 ea
101 0  @achi
102    @aCN@b110000
105    @aa z 000yy
106    @ar
200 1  @a炼焦新工艺与技术@Alian jiao xin gong yi yu ji shu@f郑明东,水恒福,崔平编著@Fzheng ming dong, shui heng fu, cui ping bian zhu
210    @a北京@c化学工业出版社@d2006
215    @a378页@c图@d21cm
330    @a全书10章,内容包括:炼焦选煤基础、煤预热炼焦技术、煤干燥与煤调湿技术、配型煤炼焦技术、捣固炼焦技术、焦炭后处理技术等。
606 0  @a炼焦@x生产工艺
606 0  @a炼焦
690    @aTQ520.6@v4
701  0 @a郑明东@Azheng ming dong@f(1962~)@4编著
701  0 @a水恒福@Ashui heng fu@f(1965.12~)@4编著
701  0 @a崔平@Acui ping@f(1964~)@4编著
801  0 @aCN@bNLC@c20070805
905    @dTQ520.6@e26@f4
    
    炼焦新工艺与技术/郑明东,水恒福,崔平编著.-北京:化学工业出版社,2006
    378页:图;21cm
    
    
    ISBN 7-5025-7816-1:CNY29.00
    全书10章,内容包括:炼焦选煤基础、煤预热炼焦技术、煤干燥与煤调湿技术、配型煤炼焦技术、捣固炼焦技术、焦炭后处理技术等。
●
相关链接 在E读中查询图书 在五车中查询图书 在当当中查询图书 在豆瓣中查询图书


正题名:炼焦新工艺与技术     索取号:TQ520.6/26         预约/预借

序号 登录号 条形码 馆藏地/架位号 状态 备注
1 0850824   208508248   第二样本阅览室/ [索取号:TQ520.6/26] 在馆    
2 0850825   208508257   第三借阅区/ [索取号:TQ520.6/26] 在馆    
3 0850826   208508266   第三借阅区/ [索取号:TQ520.6/26] 在馆    
4 0850827   208508275   第三借阅区/ [索取号:TQ520.6/26] 在馆    
唐山师范学院图书馆 欢迎您!
大连网信软件有限公司© 版权所有